Las edades del mundo
Guardat en:
| Autor principal: | |
|---|---|
| Format: | Llibre |
| Idioma: | espanyol |
| Publicat: |
Santiago
Cerro Alegre
1993
|
| Edició: | 1a. ed |
| Col·lecció: | Colección Filosófica
|
| Matèries: | |
| Etiquetes: |
Afegir etiqueta
Sense etiquetes, Sigues el primer a etiquetar aquest registre!
|
MARC
| LEADER | 00000cam a2200000 a 4500 | ||
|---|---|---|---|
| 001 | UCD0777 | ||
| 003 | CL-VaPUC | ||
| 008 | 151218e19930000cl |||||||||||||||||spa|d | ||
| 020 | |a 9562660117 | ||
| 082 | 0 | 4 | |a 142.3 |b SCH |2 21 |
| 100 | 0 | |a Schelling, Friedrich Wilhelm Joseph |e author |9 583803 | |
| 245 | 1 | 4 | |a Las edades del mundo |
| 250 | |a 1a. ed | ||
| 300 | |a 217 p | ||
| 942 | |c BK | ||
| 945 | |d 20151218 14:15:00 |a dcastane | ||
| 260 | |a Santiago |b Cerro Alegre |c 1993 | ||
| 650 | 0 | |a Teoría del conocimiento |9 255038 | |
| 650 | 0 | |a Filosofía alemana |9 265002 | |
| 650 | 0 | |a Filosofía del arte |9 264951 | |
| 583 | |a last modification |c 20151218 14:15:00 |k Rodrigo Vera | ||
| 490 | 0 | |a Colección Filosófica | |
| 999 | |c 362230 |d 362228 | ||
| 952 | |0 0 |1 0 |3 erb |4 0 |6 142_300000000000000_SCH_1993 |7 0 |8 A |9 473224 |a BIBEDU |b BIBEDU |i 525728K |l 1 |o 142.3 SCH 1993 |p 525728K |r 2023-12-14 |s 2023-11-30 |w 2019-11-24 |y BK |z Catalogado en:20151218 |k FIL | ||
| 952 | |0 0 |1 0 |3 erb |4 0 |6 142_300000000000000_SCH_1993 |7 0 |8 A |9 473225 |a BIBEDU |b BIBEDU |i 5257298 |l 3 |m 1 |o 142.3 SCH 1993 |p 5257298 |r 2024-08-05 |s 2024-07-01 |w 2019-11-24 |y BK |z Catalogado en:20151218 |k FIL | ||